[Event "5eme LUCOPEN"]
[Site "Lille"]
[Date "2014.04.30"]
[Round "3"]
[White "Bannink, Bernard"]
[Black "Creton, Sylvain"]
[Result "1-0"]
[WhiteElo "2248"]
[BlackElo "1750"]
[PlyCount "79"]
[EventDate "2014.??.??"]

1. d4 d5 2. Nf3 Nf6 3. e3 e6 4. Bd3 c5 5. b3 Nc6 6. Bb2 Nb4 7. Be2 Ne4 8. O-O
Bd6 9. dxc5 Bxc5 10. Bxg7 Rg8 11. Bb2 e5 12. Bxe5 Bh3 13. Bg3 Nxg3 14. hxg3 Bf5
15. Bb5+ Kf8 16. Bd3 Nxd3 17. cxd3 Bg4 18. d4 Bd6 19. Nc3 Rg5 20. e4 Qf6 21.
Nxg5 Qxg5 22. Qc1 Qh5 23. e5 Be7 24. f4 Rc8 25. Qe3 Rc6 26. Rac1 Ba3 27. Nxd5
Rxc1 28. Rxc1 Bxc1 29. Qxc1 Be6 30. Nf6 Qe2 31. d5 Bf5 32. Qc5+ Kg7 33. Qf2 Qa6
34. g4 Bb1 35. d6 Qd3 36. g5 Qd1+ 37. Kh2 Bf5 38. Qh4 h5 39. gxh6+ Kh8 40. Qg5
1-0

[Event "5eme LUCOPEN"]
[Site "Lille"]
[Date "2014.04.30"]
[Round "3"]
[White "Warkentin, Sabine"]
[Black "Frederic, Clement"]
[Result "0-1"]
[WhiteElo "1695"]
[BlackElo "2237"]
[PlyCount "56"]
[EventDate "2014.??.??"]

1. d4 f5 2. Nc3 Nf6 3. Bf4 g6 4. e3 Bg7 5. Bc4 d5 6. Bb3 c6 7. Nf3 O-O 8. O-O
e6 9. Ne2 b6 10. c4 Bb7 11. Ne5 Nbd7 12. Rc1 Rc8 13. Bg5 Qe8 14. Bf4 h6 15. h4
Kh7 16. Nc3 Rg8 17. Qf3 Qe7 18. Qg3 Bf8 19. Nxd7 Qxd7 20. Be5 Be7 21. f4 Ba6
22. Ne2 Ng4 23. Rf3 Qd8 24. Qh3 Bxh4 25. g3 Bf6 26. Kg2 Kg7 27. Ng1 Bxe5 28.
fxe5 dxc4 0-1

[Event "5eme LUCOPEN"]
[Site "Lille"]
[Date "2014.04.30"]
[Round "3"]
[White "Vuilleumier, Alexandre"]
[Black "Chatalbashev, Boris"]
[Result "0-1"]
[WhiteElo "2335"]
[BlackElo "2520"]
[PlyCount "74"]
[EventDate "2014.??.??"]

1. e4 g6 2. d4 Bg7 3. c4 d6 4. Nc3 Nf6 5. Nf3 O-O 6. Be2 Na6 7. O-O e5 8. Re1
c6 9. Rb1 exd4 10. Nxd4 Nc5 11. Bf1 Ng4 12. h3 Qf6 13. hxg4 Qxd4 14. Qe2 Qe5
15. g3 a5 16. Bg2 a4 17. Nd1 Qd4 18. Bf4 Qd3 19. Ne3 Re8 20. f3 Be5 21. Qf2
Bxf4 22. gxf4 Qd4 23. Red1 Qf6 24. Qg3 a3 25. b3 Qc3 26. Nf1 Nd3 27. Rd2 d5 28.
cxd5 cxd5 29. e5 Bd7 30. Rbd1 Bb5 31. Ne3 Qd4 32. Qe1 Rac8 33. Rxd3 Bxd3 34.
Bf1 Qxf4 35. Rxd3 Rxe5 36. Nxd5 Rxe1 37. Nxf4 Rcc1 0-1

[Event "5eme LUCOPEN"]
[Site "Lille"]
[Date "2014.04.30"]
[Round "3"]
[White "Skomorokhin, Roman"]
[Black "Wolfangel, Claude"]
[Result "1-0"]
[WhiteElo "2384"]
[BlackElo "1742"]
[PlyCount "38"]
[EventDate "2014.??.??"]

1. d4 Nf6 2. c4 e6 3. Nf3 c5 4. e3 Nc6 5. d5 exd5 6. cxd5 Nb4 7. Nc3 d6 8. a3
Na6 9. e4 Nc7 10. Be2 g6 11. O-O Bg7 12. Bg5 O-O 13. Nd2 h6 14. Bh4 g5 15. Bg3
Nh7 16. Nc4 Bxc3 17. bxc3 Nb5 18. Qb3 Qe8 19. a4 Qxe4 1-0

[Event "5eme LUCOPEN"]
[Site "Lille"]
[Date "2014.04.30"]
[Round "3"]
[White "Dijkhuis, Tycho"]
[Black "Pille, Edouard"]
[Result "1-0"]
[WhiteElo "2204"]
[BlackElo "1662"]
[PlyCount "27"]
[EventDate "2014.??.??"]

1. e4 e5 2. Nf3 Nc6 3. Bb5 Nge7 4. O-O g6 5. c3 Bg7 6. d4 exd4 7. cxd4 d5 8.
exd5 Qxd5 9. Nc3 Qd8 10. Bg5 O-O 11. d5 a6 12. dxc6 f6 13. Bc4+ Kh8 14. Bf4 1-0

[Event "5eme LUCOPEN"]
[Site "Lille"]
[Date "2014.04.30"]
[Round "3"]
[White "Wadoux, Philippe"]
[Black "Sargissyan, Sargis"]
[Result "0-1"]
[WhiteElo "1708"]
[BlackElo "2283"]
[PlyCount "42"]
[EventDate "2014.??.??"]

1. e4 c5 2. Nc3 a6 3. g3 b5 4. Bg2 Bb7 5. d3 e6 6. f4 d5 7. e5 Nh6 8. Nf3 Nf5
9. O-O h5 10. Ne2 Nc6 11. d4 cxd4 12. Nexd4 Ncxd4 13. Nxd4 Bc5 14. c3 Qb6 15.
Kh1 Bxd4 16. cxd4 Qxd4 17. Qe2 h4 18. Rf3 hxg3 19. h3 Qc4 20. Qd3 d4 21. b3
Rxh3+ 0-1

[Event "5eme LUCOPEN"]
[Site "Lille"]
[Date "2014.04.30"]
[Round "3"]
[White "Brulin, Louis"]
[Black "Navrotescu, Andreea-Cristiana"]
[Result "0-1"]
[WhiteElo "1637"]
[BlackElo "2190"]
[PlyCount "70"]
[EventDate "2014.??.??"]

1. e4 c5 2. Nf3 d6 3. d4 cxd4 4. Nxd4 Nf6 5. Nc3 g6 6. Be3 Bg7 7. Be2 Nc6 8.
Qd2 O-O 9. O-O-O Ng4 10. Bxg4 Bxg4 11. f3 Bd7 12. h4 Ne5 13. h5 Nc4 14. Qd3
Nxe3 15. Qxe3 b5 16. hxg6 hxg6 17. Ndxb5 Qa5 18. Nd4 Rab8 19. Nb3 Qa6 20. Nd5
Rfe8 21. Kb1 Qb7 22. c3 Ba4 23. Rd4 Bxb3 24. axb3 Qxb3 25. Rb4 Rxb4 26. Nxb4 a5
27. Nc6 a4 28. Nd4 Qb7 29. Kc2 Rb8 30. Rb1 e5 31. Ne2 Qb3+ 32. Kc1 a3 33. Qd2
a2 34. Ra1 Bh6 35. f4 exf4 0-1

[Event "5eme LUCOPEN"]
[Site "Lille"]
[Date "2014.04.30"]
[Round "3"]
[White "Chopin, Christian"]
[Black "Burgnies, Stephane"]
[Result "0-1"]
[WhiteElo "1603"]
[BlackElo "2170"]
[PlyCount "56"]
[EventDate "2014.??.??"]

1. e4 Nc6 2. d4 d5 3. Be3 dxe4 4. Nc3 Nf6 5. f3 e5 6. dxe5 Qxd1+ 7. Rxd1 Nxe5
8. Nxe4 Nxe4 9. fxe4 Bd7 10. Be2 Bd6 11. Nf3 Ng4 12. Bd4 f6 13. h3 Bg3+ 14. Kf1
Nh6 15. Bc4 O-O-O 16. Bxa7 Rde8 17. Rd4 Bc6 18. Bc5 b6 19. Bb4 Bxe4 20. Ba6+
Kb8 21. Rd7 Nf5 22. Nd4 Nxd4 23. Rxd4 c5 24. Bxc5 bxc5 25. Rd1 Bxc2 26. Rc1 Re6
27. Bc4 Bd3+ 28. Bxd3 Rhe8 0-1

[Event "5eme LUCOPEN"]
[Site "Lille"]
[Date "2014.04.30"]
[Round "3"]
[White "Johnsen, Gunnar"]
[Black "Woyave, Pascal"]
[Result "1-0"]
[WhiteElo "2130"]
[BlackElo "1605"]
[PlyCount "33"]
[EventDate "2014.??.??"]

1. d4 d5 2. c4 c6 3. Nf3 Bg4 4. Ne5 Nf6 5. cxd5 cxd5 6. Qb3 Qc8 7. Nc3 e6 8. e4
Nc6 9. Bg5 Nxe5 10. dxe5 Nd7 11. Rc1 Bc5 12. h3 Bh5 13. exd5 O-O 14. Ne4 b6 15.
dxe6 fxe6 16. Bc4 Nxe5 17. Bxe6+ 1-0

[Event "5eme LUCOPEN"]
[Site "Lille"]
[Date "2014.04.30"]
[Round "3"]
[White "Cawdery, Daniel"]
[Black "Zhigalko, Andrey"]
[Result "1-0"]
[WhiteElo "2395"]
[BlackElo "2600"]
[PlyCount "77"]
[EventDate "2014.??.??"]

1. e4 c5 2. Nf3 Nc6 3. d4 cxd4 4. Nxd4 e6 5. Be2 Nf6 6. Nc3 d6 7. O-O Be7 8.
Nxc6 bxc6 9. Qd3 O-O 10. Qg3 Kh8 11. e5 dxe5 12. Qxe5 Nd5 13. Rd1 Bd6 14. Qh5
Nxc3 15. bxc3 Qc7 16. Rd4 g6 17. Qh6 f6 18. Be3 e5 19. Rd2 Be6 20. Rad1 Rfd8
21. Bxa7 c5 22. Bf3 Bf8 23. Bxa8 Rxa8 24. Qh4 g5 25. Qh5 Rxa7 26. Rd8 Kg7 27.
h4 g4 28. Qe8 Qf7 29. Qc6 Rc7 30. Qe4 c4 31. Rb1 Bc5 32. g3 Kh6 33. Rb5 Qe7 34.
Rd1 Bd7 35. Rb7 f5 36. Rxc7 fxe4 37. Rdxd7 Bxf2+ 38. Kg2 Qf8 39. Rc6+ 1-0

[Event "5eme LUCOPEN"]
[Site "Lille"]
[Date "2014.04.30"]
[Round "3"]
[White "Lie, Espen"]
[Black "Andriamandimbisoa, Mathieu"]
[Result "1-0"]
[WhiteElo "2460"]
[BlackElo "1697"]
[PlyCount "51"]
[EventDate "2014.??.??"]

1. Nf3 d5 2. g3 Nf6 3. Bg2 Bf5 4. c4 e6 5. O-O Nbd7 6. b3 Bd6 7. Bb2 O-O 8. d3
Re8 9. Re1 c6 10. e4 Bb4 11. exf5 Bxe1 12. Qxe1 exf5 13. Qc3 Rc8 14. Nbd2 b5
15. c5 Qc7 16. Nd4 f4 17. N2f3 fxg3 18. hxg3 g6 19. Bh3 b4 20. Qxb4 Kg7 21. Qc3
Rcd8 22. Nc2 d4 23. Qxd4 Ne5 24. Qf4 Nxf3+ 25. Qxf3 Qe7 26. Re1 1-0

[Event "5eme LUCOPEN"]
[Site "Lille"]
[Date "2014.04.30"]
[Round "3"]
[White "Gonzalez, Arnaud"]
[Black "Riff, Jean-Noel"]
[Result "0-1"]
[WhiteElo "1648"]
[BlackElo "2459"]
[PlyCount "42"]
[EventDate "2014.??.??"]

1. e4 c5 2. c3 d5 3. exd5 Qxd5 4. d4 g6 5. Nf3 Bg7 6. Be3 cxd4 7. Bxd4 Nf6 8.
Na3 O-O 9. Nb5 Nc6 10. Be3 Bg4 11. Nbd4 Nxd4 12. cxd4 Bxf3 13. Qxf3 Qxf3 14.
gxf3 Nd5 15. Bc4 Rfd8 16. f4 Nb6 17. Be2 Bxd4 18. Bf3 Bxe3 19. fxe3 Nc4 20. e4
Nxb2 21. Rb1 Nd3+ 0-1

[Event "5eme LUCOPEN"]
[Site "Lille"]
[Date "2014.04.30"]
[Round "3"]
[White "Neelotpal, Das"]
[Black "Corfield, Zoe"]
[Result "1-0"]
[WhiteElo "2428"]
[BlackElo "1651"]
[PlyCount "63"]
[EventDate "2014.??.??"]

1. d4 Nf6 2. c4 g6 3. g3 Bg7 4. Bg2 O-O 5. Nc3 c6 6. e4 d6 7. Nge2 Nbd7 8. h3
Ne8 9. O-O Nc7 10. f4 e5 11. fxe5 dxe5 12. d5 cxd5 13. cxd5 Nb6 14. b3 f5 15.
Ba3 Rf7 16. Rc1 Bd7 17. Bc5 Na6 18. Ba3 Rc8 19. Qd2 Qe8 20. Kh2 Nc7 21. Bb2 Qf8
22. Rc2 Nb5 23. Nxb5 Rxc2 24. Qxc2 Bxb5 25. a4 Bd7 26. exf5 Bxf5 27. Qd2 Qd6
28. a5 Nc8 29. Rc1 Rc7 30. Ba3 Qd7 31. g4 Rxc1 32. Bxc1 1-0

[Event "5eme LUCOPEN"]
[Site "Lille"]
[Date "2014.04.30"]
[Round "3"]
[White "Maiorov, Nikita"]
[Black "Chaignet, Lucas"]
[Result "1-0"]
[WhiteElo "2522"]
[BlackElo "1633"]
[PlyCount "79"]
[EventDate "2014.??.??"]

1. d4 Nf6 2. c4 g6 3. Nf3 Bg7 4. g3 d6 5. Bg2 O-O 6. O-O Nbd7 7. Nc3 a5 8. Qc2
e5 9. dxe5 dxe5 10. Rd1 Qe7 11. Nd5 Nxd5 12. cxd5 Nf6 13. e4 Ne8 14. Be3 b6 15.
Rac1 Rb8 16. Rd3 f5 17. Rc3 Bb7 18. Bg5 Qf7 19. Bh3 h6 20. Be3 Kh8 21. Nh4 f4
22. Bd2 g5 23. Nf5 Qh5 24. g4 Qf7 25. Bf1 Rc8 26. Bb5 Nd6 27. Rxc7 Rxc7 28.
Nxd6 Rxc2 29. Nxf7+ Rxf7 30. Rxc2 Bf8 31. Be8 Rg7 32. a3 Bd6 33. b4 Rc7 34. Bc6
axb4 35. Bxb4 Bxb4 36. axb4 Bc8 37. h3 Kg7 38. Ra2 Kf6 39. Ra8 Ke7 40. Rb8 1-0

[Event "5eme LUCOPEN"]
[Site "Lille"]
[Date "2014.04.30"]
[Round "3"]
[White "Zerbib, Claude"]
[Black "Castellanos Rodrigue, Renier"]
[Result "0-1"]
[WhiteElo "1793"]
[BlackElo "2474"]
[PlyCount "64"]
[EventDate "2014.??.??"]

1. d4 Nf6 2. Nc3 d6 3. e4 c6 4. Be3 Qa5 5. Bd3 e5 6. Nge2 Be7 7. O-O Ng4 8. Bd2
Qb6 9. h3 Nf6 10. Be3 Qc7 11. f4 Nbd7 12. Qe1 b5 13. a3 O-O 14. Ng3 g6 15. fxe5
dxe5 16. d5 Bb7 17. Bh6 cxd5 18. exd5 Nxd5 19. Bxf8 Rxf8 20. Nxd5 Bxd5 21. Ne4
a6 22. Kh1 f5 23. Nc3 Bb7 24. Qg3 Kh8 25. Rad1 Nf6 26. Be2 f4 27. Qf2 g5 28.
Bf3 e4 29. Bg4 Nxg4 30. hxg4 Bc5 31. Qd2 Qb6 32. Nd5 Qh6# 0-1

[Event "5eme LUCOPEN"]
[Site "Lille"]
[Date "2014.04.30"]
[Round "3"]
[White "Marechal, Georges"]
[Black "Friess, Nicolas"]
[Result "0-1"]
[WhiteElo "1759"]
[BlackElo "2350"]
[PlyCount "46"]
[EventDate "2014.??.??"]

1. e4 e6 2. d4 d5 3. exd5 exd5 4. Nf3 Bd6 5. Be2 Nc6 6. c3 Nge7 7. O-O Bf5 8.
Bg5 Qd7 9. Qa4 O-O 10. Nbd2 Ng6 11. Bb5 h6 12. Bxc6 bxc6 13. Be3 Bd3 14. Rfe1
f5 15. Nf1 Be4 16. Qd1 f4 17. Bc1 Rae8 18. N1d2 Qf5 19. Nxe4 dxe4 20. Nd2 f3
21. Nc4 fxg2 22. Be3 Nh4 23. Nd2 Qh3 0-1

[Event "5eme LUCOPEN"]
[Site "Lille"]
[Date "2014.04.30"]
[Round "3"]
[White "Lucas, Jean"]
[Black "Miedema, David"]
[Result "0-1"]
[WhiteElo "1748"]
[BlackElo "2390"]
[PlyCount "60"]
[EventDate "2014.??.??"]

1. e4 e6 2. d4 d5 3. Nd2 Nf6 4. e5 Nfd7 5. Bd3 c5 6. c3 Nc6 7. Ne2 cxd4 8. cxd4
Nb6 9. O-O Bd7 10. a3 a5 11. b3 a4 12. b4 Na7 13. Nc3 Be7 14. Qe2 Rc8 15. Bb2
Qc7 16. Rac1 Nc4 17. Bxc4 dxc4 18. Nce4 b5 19. f4 g6 20. Nc5 Bc6 21. Nde4 h5
22. g3 Rd8 23. h3 Ba8 24. Rfd1 Qc6 25. Kf2 Nc8 26. g4 hxg4 27. Qxg4 Nb6 28. Ng5
Nd5 29. Rg1 Bxg5 30. fxg5 Ne7 0-1

[Event "5eme LUCOPEN"]
[Site "Lille"]
[Date "2014.04.30"]
[Round "3"]
[White "Szurhaj, William"]
[Black "Loiseau, Quentin"]
[Result "0-1"]
[WhiteElo "1735"]
[BlackElo "2388"]
[PlyCount "62"]
[EventDate "2014.??.??"]

1. e4 e5 2. Nf3 Nc6 3. Bc4 Nf6 4. Nc3 Bb4 5. Nd5 d6 6. Bb5 Ba5 7. O-O a6 8.
Nxf6+ Qxf6 9. Bxc6+ bxc6 10. d4 exd4 11. Nxd4 Bd7 12. c3 O-O 13. Qh5 Bb6 14.
Be3 Rfe8 15. Nf3 Bxe3 16. fxe3 Qg6 17. Qxg6 hxg6 18. Nd2 Re5 19. Rf4 Rae8 20.
Raf1 f6 21. h4 g5 22. hxg5 Rxg5 23. Nf3 Ra5 24. a3 Kf7 25. Kf2 g5 26. Nxg5+
Rxg5 27. Ke1 Re6 28. g4 c5 29. Kd2 Bc6 30. Kd3 Rge5 31. Kc4 Bb5+ 0-1

[Event "5eme LUCOPEN"]
[Site "Lille"]
[Date "2014.04.30"]
[Round "3"]
[White "Sadikhov, Ulvi"]
[Black "Valo, Veikko"]
[Result "1-0"]
[WhiteElo "2289"]
[BlackElo "1765"]
[PlyCount "49"]
[EventDate "2014.??.??"]

1. e4 g6 2. d4 Bg7 3. Nc3 d6 4. f4 Nf6 5. Nf3 Bg4 6. Be3 c6 7. h3 Bxf3 8. Qxf3
Qa5 9. Bd3 Na6 10. e5 dxe5 11. fxe5 Nd5 12. Bd2 Nac7 13. O-O O-O 14. Ne4 Qb6
15. c3 Bxe5 16. b4 Bg7 17. Nc5 Nxb4 18. Nd7 Bxd4+ 19. Kh1 Qa5 20. cxd4 Qa3 21.
Bxb4 Qxb4 22. Nxf8 Rxf8 23. Rab1 Qxd4 24. Rxb7 Nd5 25. Be4 1-0

[Event "5eme LUCOPEN"]
[Site "Lille"]
[Date "2014.04.30"]
[Round "3"]
[White "Huesmann, Thomas"]
[Black "Doossche, Carlo"]
[Result "1-0"]
[WhiteElo "2217"]
[BlackElo "1742"]
[PlyCount "45"]
[EventDate "2014.??.??"]

1. e4 e5 2. Nf3 Nc6 3. Bc4 Bc5 4. c3 Nf6 5. d3 d6 6. Bb3 O-O 7. O-O h6 8. Nbd2
Qe7 9. h3 Be6 10. Bc2 d5 11. Re1 d4 12. c4 a5 13. Nf1 Qd6 14. a3 Rfe8 15. g4
Nxg4 16. hxg4 Bxg4 17. N1h2 Bh5 18. Kh1 Qe6 19. Rg1 Kh8 20. Qf1 Be7 21. Rg3 f5
22. Qh3 Bxf3+ 23. Rxf3 1-0

[Event "5eme LUCOPEN"]
[Site "Lille"]
[Date "2014.04.30"]
[Round "3"]
[White "Mouhamad, Joachin"]
[Black "Perche, Louis"]
[Result "1-0"]
[WhiteElo "2214"]
[BlackElo "1734"]
[PlyCount "41"]
[EventDate "2014.??.??"]

1. e4 c5 2. Nc3 Nc6 3. f4 g6 4. Nf3 Bg7 5. Bb5 Nd4 6. O-O Nxb5 7. Nxb5 d5 8.
exd5 a6 9. Nc3 Nf6 10. d4 Nxd5 11. dxc5 Nxc3 12. Qxd8+ Kxd8 13. bxc3 Bxc3 14.
Rb1 f6 15. Rb3 Ba5 16. Ba3 Bc7 17. g3 Ke8 18. Re1 Kf7 19. c6 Be6 20. Rxb7 Rac8
21. Nd4 1-0

[Event "5eme LUCOPEN"]
[Site "Lille"]
[Date "2014.04.30"]
[Round "3"]
[White "Lecoeur, Boris"]
[Black "Roger, Mehdi"]
[Result "0-1"]
[WhiteElo "1654"]
[BlackElo "2202"]
[PlyCount "62"]
[EventDate "2014.??.??"]

1. d4 Nf6 2. c4 g6 3. Nc3 Bg7 4. e4 d6 5. f3 O-O 6. Nge2 c5 7. d5 e6 8. g4 exd5
9. cxd5 Nfd7 10. Bf4 Ne5 11. Ng3 b6 12. Be2 Ba6 13. h4 Bxe2 14. Qxe2 c4 15. Rd1
Nbd7 16. Nb5 Nc5 17. Kf1 Ncd3 18. Bg5 Qd7 19. Nd4 Rac8 20. Be3 Rfe8 21. Qh2
Nxb2 22. Qxb2 Nxf3 23. Qf2 Nxd4 24. Bxd4 Qxg4 25. Bxg7 Kxg7 26. Rd4 Re5 27. Kg2
c3 28. Rf1 Qd7 29. Qc2 Qb5 30. Rb1 Qc5 31. Rf1 Qxd4 0-1

[Event "5eme LUCOPEN"]
[Site "Lille"]
[Date "2014.04.30"]
[Round "3"]
[White "Veys, Vincent"]
[Black "Smet, Geert"]
[Result "1-0"]
[WhiteElo "2201"]
[BlackElo "1694"]
[PlyCount "81"]
[EventDate "2014.??.??"]

1. e4 c5 2. Nf3 a6 3. Nc3 d6 4. d4 cxd4 5. Nxd4 Nf6 6. Be2 e5 7. Nb3 Be7 8. O-O
O-O 9. Kh1 b5 10. a4 b4 11. Nd5 Bb7 12. Nxf6+ Bxf6 13. Bf3 a5 14. Be3 Qc7 15.
Nd2 Be7 16. b3 Nd7 17. Nc4 Nc5 18. Bxc5 dxc5 19. Nb2 Rad8 20. Qe2 Rd4 21. Rad1
Ra8 22. Qe3 Qd8 23. Nd3 Qc7 24. Ne1 Qd8 25. Nd3 Qc7 26. c3 bxc3 27. Rc1 f5 28.
Ne1 fxe4 29. Be2 Qd6 30. Qxc3 Ba6 31. Bxa6 Qxa6 32. Nc2 Rd5 33. Ne3 Rd3 34.
Qxe5 Qd6 35. Qxe4 Re8 36. Nf5 Qd7 37. Rfe1 Kh8 38. Nxe7 Rd6 39. Ng6+ hxg6 40.
Qxe8+ Qxe8 41. Rxe8+ 1-0

[Event "5eme LUCOPEN"]
[Site "Lille"]
[Date "2014.04.30"]
[Round "3"]
[White "Laine, Panu"]
[Black "Gottfried, Jonathan"]
[Result "1-0"]
[WhiteElo "2177"]
[BlackElo "1647"]
[PlyCount "57"]
[EventDate "2014.??.??"]

1. e4 e5 2. Nf3 Nc6 3. Bb5 Nf6 4. Qe2 a6 5. Ba4 Bc5 6. c3 b5 7. Bb3 d6 8. d3 h6
9. Nbd2 O-O 10. h3 Re8 11. Nf1 d5 12. Ng3 Be6 13. Bd2 Bb6 14. O-O dxe4 15. dxe4
Bd7 16. Rad1 Na5 17. Bc2 Nc4 18. Bc1 Nd6 19. b3 Qc8 20. Nh2 Bc5 21. Kh1 Qb7 22.
Qf3 a5 23. Bxh6 Bc6 24. Rfe1 Nfxe4 25. Qg4 Kf8 26. Qxg7+ Ke7 27. Nxe4 Bxe4 28.
Bxe4 Nxe4 29. Qxe5# 1-0

[Event "5eme LUCOPEN"]
[Site "Lille"]
[Date "2014.04.30"]
[Round "3"]
[White "Shakessi, Hossein"]
[Black "Franck, Boris"]
[Result "0-1"]
[WhiteElo "1593"]
[BlackElo "2105"]
[PlyCount "96"]
[EventDate "2014.??.??"]

1. Nf3 g6 2. g3 Bg7 3. Bg2 e5 4. d3 d5 5. c4 c6 6. Nbd2 Ne7 7. O-O O-O 8. Qc2
f5 9. e4 fxe4 10. dxe4 d4 11. Nb3 h6 12. c5 Be6 13. Bd2 Kh7 14. Rad1 b5 15. Ne1
a5 16. f4 a4 17. Nc1 Nd7 18. h3 Qc7 19. Ned3 Rad8 20. g4 exf4 21. Nxf4 Bc4 22.
Nfd3 Ne5 23. b3 axb3 24. axb3 Be6 25. Nf4 Bf7 26. Ncd3 g5 27. Ne2 N7g6 28. Ng3
Nxg4 29. hxg4 Qxg3 30. Rf5 Nh4 31. Be1 Qxg2+ 32. Qxg2 Nxg2 33. Kxg2 Bxb3 34.
Rd2 Be6 35. Rxf8 Rxf8 36. Kg3 Ra8 37. Nb4 Be5+ 38. Kh3 Ra3+ 39. Rd3 Rxd3+ 40.
Nxd3 Bg7 41. Kg3 Kg6 42. Bf2 Bc4 43. Nb4 d3 44. Be1 Bd4 45. Nxc6 Bxc5 46. Bc3
Kf7 47. Kf3 Ke6 48. Bg7 d2 0-1

[Event "5eme LUCOPEN"]
[Site "?"]
[Date "2014.04.30"]
[Round "4"]
[White "Camacho Collados, Jose"]
[Black "Arizmendi Martinez, Julen"]
[Result "0-1"]
[WhiteElo "2388"]
[BlackElo "2542"]
[PlyCount "152"]
[EventDate "2014.??.??"]
[SourceDate "2014.04.30"]

1. Nf3 d5 2. b3 Bf5 3. Bb2 e6 4. d3 h6 5. Nbd2 Nf6 6. h3 c5 7. g4 Bh7 8. c4 Nc6
9. cxd5 exd5 10. Rg1 d4 11. Nc4 Nd5 12. Qd2 b5 13. e4 bxc4 14. exd5 Qe7+ 15.
Qe2 Nb4 16. Qxe7+ Bxe7 17. dxc4 Bd6 18. Kd1 Bc2+ 19. Kc1 Bf4+ 20. Nd2 Bg6 21.
a3 Nd3+ 22. Bxd3 Bxd3 23. Kd1 Kd7 24. b4 Rab8 25. Nb3 Rhc8 26. Bc1 Bh2 27. Re1
Bd6 28. Na5 cxb4 29. Nc6 b3 30. Bb2 Bc2+ 31. Kd2 Bf4+ 32. Ke2 Rxc6 33. dxc6+
Kxc6 34. Bxd4 b2 35. Rab1 Re8+ 36. Kf3 Rxe1 37. Rxe1 Bc1 38. Bxb2 Bxb2 39. Re7
a5 40. Rxf7 a4 41. Ke3 Bxa3 42. Kd2 Bb3 43. Kc3 Bd6 44. f4 Bd1 45. Rxg7 Bxf4
46. Rf7 Be5+ 47. Kb4 Bd6+ 48. Kc3 Be5+ 49. Kb4 Bd6+ 50. Kc3 a3 51. Rf1 Be5+ 52.
Kb4 Be2 53. Rf5 a2 54. Rxe5 a1=Q 55. Re6+ Kd7 56. Rxe2 Qd4 57. Ra2 Qb6+ 58. Kc3
Qe3+ 59. Kb4 Qxh3 60. Ra6 Kc7 61. Rg6 Qd3 62. Ra6 Qd2+ 63. Kc5 Qg5+ 64. Kb4
Qd2+ 65. Kc5 Kd7 66. Kb5 Qb2+ 67. Kc5 Qe5+ 68. Kb4 Qd4 69. Rg6 Ke7 70. Rc6 Kf7
71. Kb5 Qxg4 72. c5 h5 73. Rc7+ Ke6 74. c6 Kd6 75. Rd7+ Qxd7 76. cxd7 Kxd7 0-1

[Event "5eme LUCOPEN"]
[Site "Lille"]
[Date "2014.04.30"]
[Round "4"]
[White "Aubry, Fabien"]
[Black "Guedon, Stephane"]
[Result "1-0"]
[WhiteElo "1887"]
[BlackElo "2210"]
[PlyCount "83"]
[EventDate "2014.??.??"]

1. d4 d5 2. Bf4 c5 3. e3 Nc6 4. Nc3 cxd4 5. exd4 Bf5 6. Nf3 e6 7. Ne5 f6 8.
Nxc6 bxc6 9. Bd3 Bg6 10. Bxg6+ hxg6 11. Qd3 Kf7 12. O-O Qd7 13. Rfe1 g5 14. Bg3
Nh6 15. Re2 Re8 16. Rae1 Nf5 17. Na4 g6 18. c3 Nxg3 19. hxg3 Bd6 20. Qf3 Kg8
21. Qxf6 Qh7 22. f4 gxf4 23. gxf4 Bxf4 24. Rxe6 Qh2+ 25. Kf1 Qh1+ 26. Kf2 Bg3+
27. Kxg3 Qh2+ 28. Kf2 Rf8 29. Qxf8+ Kxf8 30. Re8+ Kg7 31. R1e7+ Kf6 32. Re6+
Kf5 33. Rxh8 Qxh8 34. Re3 Qh4+ 35. Kg1 g5 36. Nc5 g4 37. g3 Qd8 38. Re5+ Kf6
39. Re6+ Kf7 40. Rxc6 Qg5 41. Rc7+ Kg6 42. Rg7+ 1-0

[Event "5eme LUCOPEN"]
[Site "Lille"]
[Date "2014.04.30"]
[Round "4"]
[White "Pancevski, Filip"]
[Black "Bachmann, Axel"]
[Result "0-1"]
[WhiteElo "2466"]
[BlackElo "2598"]
[PlyCount "114"]
[EventDate "2014.??.??"]

1. e4 c5 2. Nf3 e6 3. g3 Nc6 4. Bg2 Nf6 5. Qe2 d6 6. O-O Be7 7. c3 e5 8. d3 O-O
9. a3 Ne8 10. b4 Nc7 11. Nbd2 Be6 12. bxc5 dxc5 13. Nc4 f6 14. a4 Qd7 15. Rd1
Rfd8 16. Be3 Bg4 17. Qf1 Ne6 18. Rd2 Ned4 19. cxd4 cxd4 20. Bg5 Bxf3 21. Bxf3
fxg5 22. Rb2 Bb4 23. Rab1 Qe7 24. Bg4 g6 25. Qh3 Kg7 26. Be6 a5 27. Bd5 Ra7 28.
Rf1 Rf8 29. Qe6 Qxe6 30. Bxe6 Rd8 31. f4 gxf4 32. gxf4 exf4 33. Rxf4 Rf8 34.
Rbf2 Rxf4 35. Rxf4 b6 36. Bd5 Rc7 37. Kg2 Bc5 38. e5 Nb4 39. Be4 Na2 40. Rf6
Nc3 41. Rc6 Re7 42. Nxa5 Rxe5 43. Nc4 Rg5+ 44. Kf3 Nxa4 45. Rc7+ Kh6 46. h4 Rh5
47. Kg4 Nc3 48. Nd2 Nd1 49. Rd7 Re5 50. Nc4 Re6 51. Bd5 Re7 52. Rxe7 Bxe7 53.
Bc6 Ne3+ 54. Kh3 Nxc4 55. dxc4 d3 56. Bf3 Kg7 57. h5 gxh5 0-1

[Event "5eme LUCOPEN"]
[Site "Lille"]
[Date "2014.04.30"]
[Round "4"]
[White "Riff, Jean-Noel"]
[Black "Lagarde, Maxime"]
[Result "1/2-1/2"]
[WhiteElo "2459"]
[BlackElo "2510"]
[PlyCount "50"]
[EventDate "2014.??.??"]

1. e4 c5 2. Nf3 d6 3. Bb5+ Bd7 4. Bxd7+ Qxd7 5. c4 Nf6 6. Nc3 g6 7. d4 cxd4 8.
Nxd4 Bg7 9. O-O O-O 10. f3 Rc8 11. b3 d5 12. exd5 Nxd5 13. Nxd5 e6 14. Bh6 exd5
15. Bxg7 Kxg7 16. Nb5 dxc4 17. Nd6 Rd8 18. Nxb7 Qxd1 19. Rfxd1 Rxd1+ 20. Rxd1
cxb3 21. axb3 Nc6 22. Rd7 Re8 23. Nd6 Re7 24. Rxe7 Nxe7 25. Ne4 Nc6 1/2-1/2

[Event "5eme LUCOPEN"]
[Site "Lille"]
[Date "2014.04.30"]
[Round "4"]
[White "Dumas, Victor"]
[Black "Maiorov, Nikita"]
[Result "1/2-1/2"]
[WhiteElo "2082"]
[BlackElo "2522"]
[PlyCount "72"]
[EventDate "2014.??.??"]

1. e4 e5 2. Nf3 Nc6 3. Nc3 Nf6 4. d4 exd4 5. Nxd4 Bb4 6. Nxc6 bxc6 7. Bd3 O-O
8. O-O d5 9. exd5 cxd5 10. Bg5 c6 11. Qf3 h6 12. Bxf6 Qxf6 13. Qxf6 gxf6 14.
Ne2 Bc5 15. Rfe1 Rb8 16. b3 Re8 17. c3 Kf8 18. Ng3 Re5 19. Kf1 Be6 20. Re2 Bb6
21. Rae1 Bc7 22. Rc2 Re8 23. Ree2 Bg4 24. Rxe5 Rxe5 25. Ne2 c5 26. f3 Bc8 27.
Kf2 Re7 28. Rc1 f5 29. g3 Bb6 30. c4 d4 31. Nf4 Ba5 32. Rd1 Re5 33. Nd5 Kg7 34.
a3 Bb6 35. Re1 Rxe1 36. Kxe1 Be6 1/2-1/2

[Event "5eme LUCOPEN"]
[Site "Lille"]
[Date "2014.04.30"]
[Round "4"]
[White "Castellanos Rodrigue, Renier"]
[Black "Goossens, Hanne"]
[Result "1-0"]
[WhiteElo "2474"]
[BlackElo "2112"]
[PlyCount "57"]
[EventDate "2014.??.??"]

1. e4 c5 2. Nf3 d6 3. Bc4 g6 4. c3 Bg7 5. O-O Nc6 6. d4 Nf6 7. dxc5 dxc5 8. Qe2
Ng4 9. h3 Nge5 10. Nxe5 Nxe5 11. Rd1 Qb6 12. Bb5+ Bd7 13. Bxd7+ Nxd7 14. Na3
Rd8 15. Bg5 h6 16. Bh4 g5 17. Bg3 O-O 18. h4 Ne5 19. hxg5 hxg5 20. Bxe5 Bxe5
21. Nc4 Qe6 22. g3 Bc7 23. Qh5 Qxc4 24. Qxg5+ Kh8 25. Qh5+ Kg7 26. Qg4+ Kh7 27.
Kg2 Bf4 28. Rh1+ Bh6 29. Rxh6+ 1-0

[Event "5eme LUCOPEN"]
[Site "Lille"]
[Date "2014.04.30"]
[Round "4"]
[White "Dijkhuis, Tycho"]
[Black "Skomorokhin, Roman"]
[Result "1/2-1/2"]
[WhiteElo "2204"]
[BlackElo "2384"]
[PlyCount "47"]
[EventDate "2014.??.??"]

1. e4 e6 2. d4 d5 3. Nc3 Bb4 4. e5 Ne7 5. a3 Bxc3+ 6. bxc3 b6 7. a4 Ba6 8. Bd3
Bxd3 9. cxd3 Nbc6 10. Qg4 Ng6 11. h4 h5 12. Qg5 Qxg5 13. hxg5 Rc8 14. Ba3 Na5
15. Rb1 Nb7 16. Nf3 Kd7 17. Kd2 c5 18. dxc5 Nxc5 19. a5 Nf4 20. axb6 axb6 21.
Bxc5 bxc5 22. g3 Ng6 23. Rb7+ Rc7 24. Rxc7+ 1/2-1/2